[Event "VIE-ch"]
[Site "Hanoi"]
[Date "2024.03.16"]
[Round "9"]
[White "Nguyen, Duy Dat"]
[Black "Nguyen, Manh Duc"]
[Result "0-1"]
[WhiteElo "1625"]
[BlackElo "1995"]
[PlyCount "71"]
[EventDate "2024.03.11"]
[EventType "swiss"]
[EventRounds "9"]
[EventCountry "VIE"]
[SourceTitle "CB13_2024"]
[SourceDate "2024.03.27"]
[SourceVersion "1"]
[SourceVersionDate "2024.03.27"]
[SourceQuality "1"]

1. e4 e5 2. Nf3 Nc6 3. Bc4 Bc5 4. 0-0 Nf6 5. d3 d6 6. c3 0-0 7. a4 a6 8. Be3 Bxe3 9. fxe3 d5 10. exd5 Nxd5 11. Qe1 Nb6 12. Na3 Nxc4 13. dxc4 Be6 14. Rd1 Qe7 15. e4 f6 16. Qe3 Rfd8 17. Qe2 Qe8 18. b4 Ne7 19. Rxd8 Rxd8 20. Rd1 Ng6 21. g3 Nf8 22. a5 Rd7 23. Rxd7 Qxd7 24. Nc2 Bg4 25. Kf2 Ne6 26. Qd2 Qxd2+ 27. Nxd2 Bd1 28. Ne3 Ba4 29. Nd5 Kf7 30. c5 Ke8 31. c4 Kd7 32. Ke3 Bc2 33. Nf3 Bd1 34. Ne1 c6 35. Kd2 Bb3 36. Ne3 0-1

[Event "VIE-ch"]
[Site "Hanoi"]
[Date "2024.03.14"]
[Round "6"]
[White "Nguyen, Manh Duc"]
[Black "Dao, Minh Nhat"]
[Result "1/2-1/2"]
[WhiteElo "1995"]
[BlackElo "2268"]
[PlyCount "72"]
[EventDate "2024.03.11"]
[EventType "swiss"]
[EventRounds "9"]
[EventCountry "VIE"]
[SourceTitle "CB13_2024"]
[SourceDate "2024.03.27"]
[SourceVersion "1"]
[SourceVersionDate "2024.03.27"]
[SourceQuality "1"]

1. e4 e6 2. d4 d5 3. exd5 Qxd5 4. Nc3 Bb4 5. a3 Bxc3+ 6. bxc3 c5 7. Nf3 Nc6 8. Be2 Nge7 9. Bb2 0-0 10. 0-0 Rd8 11. Qc1 b6 12. c4 Qf5 13. Bd3 Qh5 14. dxc5 Qxc5 15. Re1 Ng6 16. Ng5 e5 17. h4 Bg4 18. Be4 Qxc4 19. Qe3 Rac8 20. Qg3 Bh5 21. Bf5 Rc7 22. Ne4 f6 23. Re3 Kh8 24. Rc3 Qa4 25. Rd3 Rf8 26. Nc3 Qc4 27. Nd5 Rb7 28. Ne3 Qb5 29. Rb3 Qa4 30. Bxg6 Bxg6 31. Rd1 Rc7 32. Rc3 Rcc8 33. Qh3 Rcd8 34. Rxd8 Nxd8 35. Rc7 Qe8 36. Rxg7 Ne6 1/2-1/2

[Event "VIE-ch"]
[Site "Hanoi"]
[Date "2024.03.13"]
[Round "4"]
[White "Dinh, Nho Kiet"]
[Black "Nguyen, Manh Duc"]
[Result "1/2-1/2"]
[WhiteElo "2187"]
[BlackElo "1995"]
[PlyCount "107"]
[EventDate "2024.03.11"]
[EventType "swiss"]
[EventRounds "9"]
[EventCountry "VIE"]
[SourceTitle "CB13_2024"]
[SourceDate "2024.03.27"]
[SourceVersion "1"]
[SourceVersionDate "2024.03.27"]
[SourceQuality "1"]

1. d4 d5 2. c4 c6 3. Nc3 Nf6 4. cxd5 cxd5 5. Bf4 Nc6 6. e3 Bf5 7. Qb3 Na5 8. Qa4+ Bd7 9. Qc2 Rc8 10. Bd3 b5 11. a3 g6 12. Nf3 Bg7 13. 0-0 0-0 14. b3 Ne4 15. Bxe4 dxe4 16. Nd2 f5 17. Qb2 a6 18. b4 Nc4 19. Nxc4 Rxc4 20. Rac1 Be6 21. Be5 Bxe5 22. dxe5 f4 23. exf4 Rxf4 24. Ne2 Rf8 25. Ng3 e3 26. fxe3 Qd3 27. Qe2 Rxc1 28. Rxc1 Qxa3 29. Qd2 a5 30. bxa5 b4 31. Rb1 Rb8 32. Ne2 Qxa5 33. Nd4 Bd5 34. e6 Qa2 35. Rb2 Qa1+ 36. Kf2 Rf8+ 37. Kg3 b3 38. e4 Bc4 39. h4 Qa7 40. Nf3 Bxe6 41. h5 Qc7+ 42. e5 Rf5 43. hxg6 hxg6 44. Qd4 Qc4 45. Qxc4 Bxc4 46. Nd2 Bf7 47. Nxb3 Rxe5 48. Nd4 Kg7 49. Re2 Rd5 50. Nc6 e6 51. Ne5 Kf6 52. Ng4+ Ke7 53. Ne5 Be8 54. Kf4 1/2-1/2

[Event "VIE-ch"]
[Site "Hanoi"]
[Date "2024.03.12"]
[Round "3"]
[White "Nguyen, Manh Duc"]
[Black "Nguyen, Truong An Khang"]
[Result "1-0"]
[WhiteElo "1995"]
[BlackElo "1830"]
[PlyCount "59"]
[EventDate "2024.03.11"]
[EventType "swiss"]
[EventRounds "9"]
[EventCountry "VIE"]
[SourceTitle "CB13_2024"]
[SourceDate "2024.03.27"]
[SourceVersion "1"]
[SourceVersionDate "2024.03.27"]
[SourceQuality "1"]

1. e4 c6 2. d4 d5 3. e5 c5 4. dxc5 e6 5. Bd3 Bxc5 6. Qg4 Ne7 7. b4 Bb6 8. Nf3 h5 9. Qf4 Nbc6 10. Nbd2 Bd7 11. b5 Na5 12. Ng5 Nf5 13. 0-0 Bd4 14. Bxf5 Bxa1 15. Bg6 Qe7 16. Nxf7 0-0 17. Qa4 Rxf7 18. Ba3 Qe8 19. Rxa1 Rf4 20. Bxe8 Rxa4 21. Bxd7 Kf7 22. Bd6 Rd8 23. Nb3 Rxd7 24. Nc5 Rxd6 25. exd6 Rg4 26. Re1 Rg6 27. d7 Ke7 28. Nxe6 Rxe6 29. Rxe6+ Kxd7 30. Rg6 1-0

[Event "VIE-ch"]
[Site "Vung Tau"]
[Date "2023.03.05"]
[Round "5"]
[White "Nguyen, Hoang Nam"]
[Black "Nguyen, Manh Duc"]
[Result "1-0"]
[WhiteElo "2131"]
[BlackElo "1847"]
[PlyCount "114"]
[EventDate "2023.03.03"]
[EventType "swiss"]
[EventRounds "9"]
[EventCountry "VIE"]
[SourceTitle "EXT 2024"]
[Source "ChessBase"]
[SourceDate "2023.10.10"]
[SourceVersion "1"]
[SourceVersionDate "2023.10.10"]
[SourceQuality "1"]

1. e4 e5 2. Nf3 Nc6 3. c3 Nf6 4. d3 Be7 5. Be2 0-0 6. 0-0 d5 7. Qc2 a5 8. a4 h6 9. Re1 dxe4 10. dxe4 Bc5 11. Bc4 Bg4 12. Be3 Qe7 13. Nbd2 Bxe3 14. Rxe3 Rfd8 15. h3 Be6 16. Qb3 Bxc4 17. Qxc4 Nd7 18. Nf1 Nb6 19. Qe2 Rd7 20. N3h2 Qe6 21. Rg3 Rad8 22. Ng4 Kh7 23. Nge3 g6 24. h4 Ne7 25. h5 Ng8 26. Ng4 Nc4 27. hxg6+ fxg6 28. Nfe3 Nd6 29. Rh3 Kg7 30. Qc2 h5 31. Nh2 Nf6 32. f3 Nf7 33. Nhf1 Qb6 34. Kh1 Ng5 35. Rh4 Ne6 36. Re1 Nf4 37. g3 Nd3 38. Re2 Qc6 39. Reh2 Rf8 40. Qg2 Kf7 41. g4 Ke8 42. Qe2 Nf4 43. Qc2 g5 44. Rxh5 N6xh5 45. gxh5 Rh8 46. Ng3 Qc5 47. Ng4 Kd8 48. h6 Qd6 49. Nf1 Qe6 50. Nfe3 Kc8 51. Rd2 Rxd2 52. Qxd2 Rd8 53. Qc2 c6 54. Kg1 Ng6 55. Nf5 Qd7 56. Nfe3 Qe6 57. Qh2 Nh4 1-0

[Event "Johor op-A 7th"]
[Site "Johor"]
[Date "2022.12.30"]
[Round "8"]
[White "Kwan, Nam Seng Eddy"]
[Black "Nguyen, Manh Duc"]
[Result "0-1"]
[WhiteElo "1800"]
[BlackElo "1719"]
[PlyCount "62"]
[EventDate "2022.12.26"]
[EventType "swiss"]
[EventRounds "9"]
[EventCountry "MAS"]
[SourceTitle "CBM 212 Extra"]
[Source "ChessBase"]
[SourceDate "2023.03.31"]
[SourceVersion "1"]
[SourceVersionDate "2023.03.31"]
[SourceQuality "1"]

1. d4 d5 2. Bf4 Nf6 3. Nf3 e6 4. e3 c5 5. c3 Nc6 6. Nbd2 Bd6 7. Bg3 0-0 8. Bd3 b6 9. Ne5 Ne7 10. 0-0 Bb7 11. Rc1 Ne4 12. Qe2 Qc7 13. f4 f6 14. Nef3 Kh8 15. c4 Qd7 16. cxd5 exd5 17. Rfd1 Nf5 18. Bxe4 dxe4 19. dxc5 exf3 20. Nxf3 bxc5 21. Qd3 Qe6 22. Nh4 Nxg3 23. hxg3 Rad8 24. Kf2 Rfe8 25. Rc3 Bc7 26. Qc2 Be4 27. Qa4 Rxd1 28. Qxd1 Rd8 29. Qa4 Bb6 30. Rc4 Bc6 31. Qc2 Qd5 0-1

[Event "Johor op-A 7th"]
[Site "Johor"]
[Date "2022.12.30"]
[Round "7"]
[White "Nguyen, Manh Duc"]
[Black "Aris, TLS"]
[Result "1/2-1/2"]
[WhiteElo "1719"]
[BlackElo "2061"]
[PlyCount "130"]
[EventDate "2022.12.26"]
[EventType "swiss"]
[EventRounds "9"]
[EventCountry "MAS"]
[SourceTitle "CBM 212 Extra"]
[Source "ChessBase"]
[SourceDate "2023.03.31"]
[SourceVersion "1"]
[SourceVersionDate "2023.03.31"]
[SourceQuality "1"]

1. e4 d5 2. exd5 Nf6 3. Nf3 Bg4 4. Be2 Qxd5 5. Nc3 Qh5 6. d4 Nc6 7. 0-0 0-0-0 8. h3 e5 9. d5 Bxf3 10. Bxf3 Qg6 11. Be3 Nb4 12. Rc1 e4 13. Bg4+ Kb8 14. Qd4 b6 15. Qc4 h5 16. Be2 Qf5 17. Rfd1 Be7 18. d6 Rxd6 19. Nb5 Rc6 20. Nd4 Rxc4 21. Nxf5 Rxc2 22. Rxc2 Nxc2 23. Nxe7 Re8 24. Nc6+ Kb7 25. Nd4 Nb4 26. a3 Nbd5 27. Bb5 Re5 28. Bc6+ Kc8 29. Rc1 a6 30. Kf1 g5 31. Ne2 Nxe3+ 32. fxe3 Nd5 33. Bxd5 Rxd5 34. Nd4 c5 35. Ke2 Kc7 36. Nb3 f5 37. Nd2 h4 38. Nf1 Re5 39. Rd1 b5 40. Kf2 c4 41. g3 hxg3+ 42. Kxg3 Re8 43. Kg2 Kc6 44. Ng3 f4 45. Nf5 Kc5 46. Kf2 Re5 47. Nd4 a5 48. Ne2 b4 49. exf4 gxf4 50. Nxf4 c3 51. bxc3 b3 52. Ke3 Kc4 53. Ne2 b2 54. Kd2 Kb3 55. c4 a4 56. Nd4+ Kxc4 57. Kc2 Rd5 58. Kxb2 Rxd4 59. Kc2 e3 60. Rxd4+ Kxd4 61. Kd1 Ke4 62. Ke2 Kf4 63. h4 Kg4 64. Kxe3 Kxh4 65. Kd4 Kg5 1/2-1/2

[Event "VIE-ch U11"]
[Site "Ho Chi Minh City"]
[Date "2022.07.14"]
[Round "5"]
[White "Nguyen, Manh Duc"]
[Black "Nguyen, Ngoc Tung Anh"]
[Result "1-0"]
[WhiteElo "2369"]
[BlackElo "2354"]
[PlyCount "137"]
[EventDate "2022.07.11"]
[EventType "swiss"]
[EventRounds "9"]
[EventCountry "VIE"]
[SourceTitle "EXT 2023"]
[Source "ChessBase"]
[SourceDate "2022.10.05"]
[SourceVersion "1"]
[SourceVersionDate "2022.10.05"]
[SourceQuality "1"]

1. e4 c5 2. Nf3 Nc6 3. d4 cxd4 4. Nxd4 d6 5. Nc3 g6 6. Be2 Bg7 7. Be3 Nf6 8. 0-0 0-0 9. Kh1 a6 10. a4 Bd7 11. Nb3 Rc8 12. a5 Ne5 13. Nd2 Bc6 14. f4 Ned7 15. Bf3 h5 16. Qe2 Qc7 17. Rfd1 Bh6 18. Nb3 Rfd8 19. g3 Bg7 20. Nd4 Rb8 21. Nd5 Bxd5 22. exd5 Rdc8 23. Rdc1 Kh8 24. c4 Nc5 25. b4 Ncd7 26. Bg1 Qd8 27. Rab1 Kg8 28. Nb3 Ne8 29. c5 dxc5 30. bxc5 Nc7 31. c6 bxc6 32. dxc6 Nf6 33. Nc5 Rxb1 34. Rxb1 Nfd5 35. Rb7 Bc3 36. Nxa6 Bxa5 37. Nxc7 Bxc7 38. Qd3 e6 39. Rb5 Ne7 40. Qc3 Qe8 41. Bd4 Bd6 42. Bh8 Qf8 43. Be5 Bxe5 44. Rxe5 Qe8 45. c7 Qd7 46. Rc5 Nf5 47. Be2 Nd6 48. Qc2 Ne8 49. Bb5 Qe7 50. Bxe8 Qxe8 51. Kg2 Qd7 52. Qb2 Kh7 53. Qc2 Kg8 54. Kf3 Kh7 55. Rxh5+ Kg8 56. Rc5 Kg7 57. h4 f5 58. Ke3 Kf7 59. Rc4 Qd6 60. Qd3 Qb6+ 61. Qd4 Qxd4+ 62. Kxd4 Kf6 63. Rc1 e5+ 64. fxe5+ Ke6 65. Rc2 Kd7 66. Kd5 Rxc7 67. Rxc7+ Kxc7 68. Ke6 Kc6 69. Kf7 1-0

[Event "VIE-ch U11"]
[Site "Ho Chi Minh City"]
[Date "2022.07.11"]
[Round "1"]
[White "Nguyen, Manh Duc"]
[Black "Le, Dang Khoi"]
[Result "1-0"]
[WhiteElo "2369"]
[BlackElo "2356"]
[PlyCount "101"]
[EventDate "2022.07.11"]
[EventType "swiss"]
[EventRounds "9"]
[EventCountry "VIE"]
[SourceTitle "EXT 2023"]
[Source "ChessBase"]
[SourceDate "2022.10.05"]
[SourceVersion "1"]
[SourceVersionDate "2022.10.05"]
[SourceQuality "1"]

1. e4 c5 2. Nf3 d6 3. d4 cxd4 4. Nxd4 Nf6 5. Nc3 g6 6. Be3 Bg7 7. Be2 0-0 8. 0-0 Nc6 9. Kh1 Nxd4 10. Bxd4 e5 11. Be3 b6 12. f3 Bb7 13. Bc4 Rc8 14. Bb3 Nh5 15. Kg1 Nf4 16. Qd2 Kh8 17. g3 Ne6 18. Nd5 Nd4 19. c3 Nxb3 20. axb3 Ra8 21. Rad1 f5 22. Rf2 Bxd5 23. Qxd5 f4 24. gxf4 exf4 25. Bd4 Be5 26. Bxe5+ dxe5 27. Qxe5+ Qf6 28. Qxf6+ Rxf6 29. Rfd2 Kg7 30. Rd7+ Kh6 31. Rb7 a5 32. Rdd7 Rh8 33. Kg2 Re6 34. Kh3 Kg5 35. Rd5+ Kf6 36. Kg4 h5+ 37. Kxf4 Rc6 38. h4 Rf8 39. Ke3 Rg8 40. f4 Re6 41. Rdd7 Rf8 42. Kf3 Rc6 43. Ra7 Ke6 44. Re7+ Kf6 45. e5+ Kf5 46. Rf7+ Rxf7 47. Rxf7+ Ke6 48. Rf6+ Kd5 49. Rxc6 Kxc6 50. Ke4 Kd7 51. f5 1-0

[Event "VIE-ch U11"]
[Site "Hanoi"]
[Date "2022.06.13"]
[Round "4"]
[White "Nguyen, Manh Duc"]
[Black "Nguyen, Nam Kiet"]
[Result "0-1"]
[WhiteElo "2393"]
[BlackElo "2391"]
[PlyCount "118"]
[EventDate "2022.06.11"]
[EventType "swiss"]
[EventRounds "7"]
[EventCountry "VIE"]
[SourceTitle "EXT 2023"]
[Source "ChessBase"]
[SourceDate "2022.10.05"]
[SourceVersion "1"]
[SourceVersionDate "2022.10.05"]
[SourceQuality "1"]

1. e4 c5 2. Nf3 d6 3. d4 cxd4 4. Nxd4 Nf6 5. Nc3 g6 6. Be2 Bg7 7. 0-0 0-0 8. Be3 Nc6 9. Kh1 Bd7 10. Nb3 Rc8 11. f4 Na5 12. Nxa5 Qxa5 13. Bf3 Rc4 14. Qe2 Rfc8 15. Rfd1 Be6 16. Bd2 Qc5 17. e5 dxe5 18. Bxb7 Rb8 19. Ba6 Ng4 20. Rf1 Rxb2 21. Bxc4 Qxc4 22. Qxc4 Bxc4 23. Rfc1 exf4 24. Nd1 Rxa2 25. Rxa2 Bxa2 26. c4 Ne5 27. Nb2 Nc6 28. Nd3 a5 29. c5 Bd4 30. Nxf4 a4 31. Nd3 Bd5 32. Bc3 e5 33. Bxd4 exd4 34. Ra1 Bb3 35. Nb2 Nb4 36. Ra3 d3 37. Nxd3 Nxd3 38. c6 Nf2+ 39. Kg1 Ne4 40. c7 Nd6 41. Ra1 Kf8 42. Rc1 Be6 43. Kf2 a3 44. Ke3 Ke7 45. Kd4 a2 46. Kc5 Bf5 47. Ra1 Bb1 48. Kc6 f5 49. h4 f4 50. h5 gxh5 51. Kd5 h4 52. Ke5 h3 53. c8Q Nxc8 54. Kxf4 h2 55. Rxb1 axb1Q 56. g4 h1Q 57. Kg5 Qb4 58. Kf5 Qd4 59. g5 Nd6# 0-1

[Event "VIE-ch"]
[Site "Ho Chi Minh City"]
[Date "2021.03.25"]
[Round "2"]
[White "Pham, Minh Hieu"]
[Black "Nguyen, Manh Duc"]
[Result "1-0"]
[WhiteElo "1950"]
[BlackElo "1524"]
[PlyCount "103"]
[EventDate "2021.03.24"]
[EventType "swiss"]
[EventRounds "9"]
[EventCountry "VIE"]
[SourceTitle "EXT 2022"]
[Source "ChessBase"]
[SourceDate "2021.10.06"]
[SourceVersion "1"]
[SourceVersionDate "2021.10.06"]
[SourceQuality "1"]

1. e4 e5 2. Nf3 Nc6 3. Bb5 a6 4. Bxc6 dxc6 5. 0-0 Bd6 6. d4 exd4 7. Qxd4 f6 8. Nbd2 Ne7 9. Nc4 0-0 10. Rd1 Ng6 11. Nxd6 cxd6 12. Qxd6 Qe8 13. Re1 Bg4 14. Qg3 Bd7 15. h4 Rf7 16. h5 Ne5 17. Nxe5 fxe5 18. b3 c5 19. Bb2 Rf4 20. h6 g6 21. Qg5 Bc6 22. Bxe5 Rf7 23. Rad1 Qe7 24. Qxe7 Rxe7 25. Bf6 Re6 26. e5 Rae8 27. f4 Kf7 28. Kf2 Rc8 29. g4 Rg8 30. Bg7 Rge8 31. f5 R6e7 32. e6+ Kg8 33. Rd6 gxf5 34. gxf5 Rxg7 35. hxg7 Kxg7 36. e7 h5 37. f6+ Kf7 38. Rg1 Rg8 39. Rxg8 Kxg8 40. Rd8+ Kf7 41. Rf8+ Ke6 42. e8Q+ Bxe8 43. Rxe8+ Kxf6 44. Rb8 Ke5 45. Rxb7 Kd4 46. c4 h4 47. Ra7 h3 48. Kg3 h2 49. Kxh2 Kc3 50. Rxa6 Kb2 51. b4 cxb4 52. c5 1-0

[Event "Wch U08"]
[Site "Weifang"]
[Date "2019.08.28"]
[Round "7"]
[White "Nguyen, Manh Duc"]
[Black "Ayushman, Mohanty"]
[Result "1-0"]
[WhiteElo "1449"]
[BlackElo "1269"]
[PlyCount "157"]
[EventDate "2019.08.21"]
[EventType "swiss"]
[EventRounds "11"]
[EventCountry "CHN"]
[SourceTitle "EXT 2020"]
[Source "ChessBase"]
[SourceDate "2019.10.17"]
[SourceVersion "1"]
[SourceVersionDate "2019.10.17"]
[SourceQuality "1"]

1. e4 e5 2. Nf3 Nc6 3. Bc4 Bc5 4. c3 Nf6 5. d3 d6 6. a4 a5 7. 0-0 0-0 8. Bg5 h6 9. Bh4 Re8 10. Qb3 Qe7 11. Nbd2 Rb8 12. Rfe1 Be6 13. Rad1 Kh7 14. Nf1 Bxc4 15. Qxc4 Qe6 16. Qxe6 fxe6 17. Bg3 Rbd8 18. Ne3 Nh5 19. d4 exd4 20. cxd4 Bb4 21. Re2 Rf8 22. Rc2 Rf7 23. Rdc1 Rxf3 24. gxf3 Nxd4 25. Rxc7 Ne2+ 26. Kf1 Nxc1 27. Rxc1 Nxg3+ 28. hxg3 Bc5 29. Ke2 Kg6 30. Kd3 Kf6 31. f4 Ke7 32. g4 Rf8 33. f5 e5 34. Nd5+ Kd7 35. f3 Rc8 36. b3 Bd4 37. Rxc8 Kxc8 38. Kc4 b6 39. Ne7+ Kd7 40. Ng6 Ke8 41. Kd5 Bc5 42. Ke6 Bb4 43. Nh8 Kf8 44. Nf7 Bc5 45. Nxd6 Bd4 46. Nc4 Ke8 47. Nxe5 Bc5 48. Nd3 Bd4 49. e5 Bc3 50. Nf4 Bd4 51. Nh5 Kf8 52. f4 Be3 53. Kd7 Bc5 54. e6 Be7 55. Nxg7 Bf6 56. e7+ Bxe7 57. Ne6+ Kf7 58. Kc6 Kf6 59. Kxb6 Bb4 60. Nd4 Bd2 61. g5+ hxg5 62. fxg5+ Kxg5 63. Nf3+ Kxf5 64. Nxd2 Ke5 65. Kxa5 Kd4 66. b4 Kd3 67. b5 Kxd2 68. b6 Kd3 69. b7 Ke4 70. b8Q Kd5 71. Kb5 Kd4 72. a5 Kd5 73. a6 Ke4 74. a7 Kd5 75. a8Q+ Kd4 76. Qa4+ Kd3 77. Qg3+ Kd2 78. Qa2+ Kd1 79. Qg1# 1-0

[Event "Wch U08"]
[Site "Weifang"]
[Date "2019.08.26"]
[Round "6"]
[White "Ishaan, Singh Khanuja"]
[Black "Nguyen, Manh Duc"]
[Result "0-1"]
[WhiteElo "1240"]
[BlackElo "1449"]
[PlyCount "106"]
[EventDate "2019.08.21"]
[EventType "swiss"]
[EventRounds "11"]
[EventCountry "CHN"]
[SourceTitle "EXT 2020"]
[Source "ChessBase"]
[SourceDate "2019.10.17"]
[SourceVersion "1"]
[SourceVersionDate "2019.10.17"]
[SourceQuality "1"]

1. e4 e5 2. Nf3 Nc6 3. Bc4 Bc5 4. c3 Nf6 5. d3 d6 6. Nbd2 0-0 7. h3 Bb6 8. Nf1 d5 9. exd5 Nxd5 10. Ng3 f6 11. 0-0 Be6 12. Bb3 Bf7 13. Nh4 Nce7 14. Nhf5 Nxf5 15. Nxf5 Ne7 16. Bxf7+ Rxf7 17. Nxe7+ Rxe7 18. Be3 Rd7 19. Qb3+ Kh8 20. d4 exd4 21. cxd4 Qg8 22. Qc3 Re8 23. Rfd1 c6 24. b3 h6 25. Rd3 Qd5 26. Rad1 Kg8 27. Qc4 Kf7 28. Qxd5+ Rxd5 29. Kf1 Red8 30. Ke2 Ke6 31. R1d2 R8d7 32. Rd1 h5 33. R1d2 g5 34. Rd1 Kf5 35. b4 Kg6 36. a3 h4 37. f3 f5 38. R1d2 Kh5 39. g4+ hxg3 40. Kf1 Kg6 41. Kg2 f4 42. Bg1 Kf5 43. Rd1 Re7 44. R1d2 a5 45. Rb3 axb4 46. Rxb4 Ba5 47. Rdb2 Bxb4 48. Rxb4 Rb5 49. Ra4 Re2+ 50. Kh1 Rb1 51. Ra5+ b5 52. Rxb5+ cxb5 53. d5 Rh2# 0-1